1953 1989 1639 1759 1447 1512 1425 1086 1918 1050 1140 1435 1720 1588 1544 1911 1196 1757 1522 1739 1199 1403 1929 1584 1910 1349 1195 1107 1025 1557 1138 1065 1366 1169 1339 1858 1158 1162 1751 1933 1380 1711 1066 1490 1514 1660 1514 1988 1548 1768 1065 1425 1887 1311 1333 1298 1526 1289 1827 1684 1827 1993 1069 1220 1137 1504 1613 1427 1517 1137 1984 1564 1445 1101 1633 1612 1128 1800 1585 1816 1006 1926 1249 1120 1091 1617 1694 1584 1034 1410 1471 1126 1626 1798 1945 1934 1933 1572 1211 BCNSPRNW ULIB Ver.6.0+V

เปลี่ยนเป็นภาษาไทย

Change to English
 แสดงรายละเอียดบรรณานุกรม
  กลับหน้าหลัก

Brief Record : Get Marc (ISO 2709) : E-mail record : QR code < ปิดหน้าต่าง
LEADER : 00000nam 2200000uu 4500
001    13399124772
003     ULIB
008    020711s2015 th a 000 0 eng d
020    9781455751488
060    QV4^bK26P
100    Joyce LeFever Kee
245    Pharmacology:^bA patient-centered nursing process approach. /^cJoyce LeFever Kee, Evelyn R. Hayes, Linda E. McCuistion
250    8thth ed
260    St.Louis :^bElsevier Saunders,^c2015
300    971 pages;^b28 cm
650    Pharmacology
700    Evelyn R. Hayes
700    Linda E. McCuistion
945    ^p0^l0^i23283
รายการนี้ยังไม่มีแท็ก
คุณยังไม่ได้ล็อกอิน คุณสามารถมีกิจกรรมร่วมกับเว็บไซต์ได้ แต่ต้องล็อกอินก่อน ::
  ล็อกอิน

รายการสื่อสารสนเทศ

ลำดับที่ ประเภท เลขเรียก/บาร์โค้ด สถานที่ สถานะ
1. วิทยาศาสตร์การแพทย์ และสุขภาพ
วิทยาศาสตร์การแพทย์ และสุขภาพ
QV4 K26P ฉ.1 
  Barcode: 23283
ห้องสมุดวิทยาเขตนครสวรรค์
►หนังสือทั่วไป:l:General Books
บนชั้น

รายการใกล้เคียง
    หัวเรื่อง [Pharmacology]

BibComment


ยังไม่เคยถูกคอมเมนท์

คอมเมนท์ทรัพยากรรายการนี้
  คอมเมนท์: Pharmacology A pa..


 Copyright 2026. Bcnsprnw @Library